000 00343 a2200157 4500
001 62663
020 _a8521502737
040 _cAnchieta - Pituba
100 _aWerneck, Leny
240 1 0 _aHistória de uma cidade
_lpor
245 1 0 _aHistória de uma cidade
300 _a39
362 0 _a1985
650 4 _aLiteratura juvenil
942 _cBK
999 _c62663
_d62663